Kabale University Library Catalogue

How to do things with words. (Record no. 5890)

MARC details
000 -LEADER
fixed length control field 00985cam a22003251 4500
001 - CONTROL NUMBER
control field 7506820
003 - CONTROL NUMBER IDENTIFIER
control field OSt
005 - DATE AND TIME OF LATEST TRANSACTION
control field 20260129110615.0
008 - FIXED-LENGTH DATA ELEMENTS--GENERAL INFORMATION
fixed length control field 770701s1962 enk 000 0 eng
010 ## - LIBRARY OF CONGRESS CONTROL NUMBER
LC control number 63000359
020 ## - INTERNATIONAL STANDARD BOOK NUMBER
International Standard Book Number 019281205x
035 ## - SYSTEM CONTROL NUMBER
System control number 7506820
035 ## - SYSTEM CONTROL NUMBER
System control number (OCoLC)3087197
040 ## - CATALOGING SOURCE
Original cataloging agency KABLIB
Transcribing agency KABLIB
Modifying agency KABLIB
-- KABLIB
042 ## - AUTHENTICATION CODE
Authentication code premarc
050 00 - LIBRARY OF CONGRESS CALL NUMBER
Classification number P106
Item number .A9 1962b
082 ## - DEWEY DECIMAL CLASSIFICATION NUMBER
Edition number 23
Classification number 823
Item number AUS
100 1# - MAIN ENTRY--PERSONAL NAME
Personal name Austin, J. L.
Fuller form of name (John Langshaw),
Dates associated with a name 1911-1960.
9 (RLIN) 14851
245 10 - TITLE STATEMENT
Title How to do things with words.
260 ## - PUBLICATION, DISTRIBUTION, ETC.
Place of publication, distribution, etc. Oxford,
Name of publisher, distributor, etc. oxford university press
Date of publication, distribution, etc. c1962.
300 ## - PHYSICAL DESCRIPTION
Extent 176 p.
Dimensions 20 cm.
336 ## - CONTENT TYPE
Content type term text
Content type code txt
Source rdacontent
337 ## - MEDIA TYPE
Media type term unmediated
Media type code n
Source rdamedia
338 ## - CARRIER TYPE
Carrier type term volume
Carrier type code nc
Source rdacarrier
490 0# - SERIES STATEMENT
Series statement The William James lectures,
Volume/sequential designation 1955
650 #0 - SUBJECT ADDED ENTRY--TOPICAL TERM
Topical term or geographic name entry element Language and languages
General subdivision Philosophy.
9 (RLIN) 14852
906 ## - LOCAL DATA ELEMENT F, LDF (RLIN)
a 7
b cbc
c oclcrpl
d u
e ncip
f 19
g y-gencatlg
942 ## - ADDED ENTRY ELEMENTS (KOHA)
Source of classification or shelving scheme Dewey Decimal Classification
Koha item type Book
Holdings
Withdrawn status Lost status Source of classification or shelving scheme Damaged status Not for loan Home library Current library Date acquired Total Checkouts Full call number Barcode Date last seen Price effective from Koha item type
    Dewey Decimal Classification     Mukombe Library Mukombe Library 29.01.2026   823 AUS 14192 29.01.2026 29.01.2026 Book
    Dewey Decimal Classification     Mukombe Library Mukombe Library 29.01.2026   823 AUS 14193 29.01.2026 29.01.2026 Book
    Dewey Decimal Classification     Mukombe Library Mukombe Library 29.01.2026   823 AUS 14194 29.01.2026 29.01.2026 Book
    Dewey Decimal Classification     Mukombe Library Mukombe Library 29.01.2026   823 AUS 14195 29.01.2026 29.01.2026 Book
    Dewey Decimal Classification     Mukombe Library Mukombe Library 29.01.2026   823 AUS 14196 29.01.2026 29.01.2026 Book

Kabale University Library | Kabale University P.O Box 317, Kabale, Uganda
Tel : +256754017033, +256774661503 E-mail : library@kab.ac.ug